Philosophies of mathematics / (رقم التسجيلة. 3636)

تفاصيل مارك
000 -الفاتح
حقل البيانات ثابتة الطول 01078cam a22002894a 4500
001 - رقم الضبط
رقم الضبط 12438322
003 - محدد رقم الضبط
رقم الضبط OSt
005 - وقت وتاريخ اخر تعامل مع التسجيلة
رقم الضبط 20150408113748.0
008 - عناصر البيانات ثابتة الطول - معلومات عامة
حقل البيانات ثابتة الطول 010611s2002 mau b 001 0 eng
010 ## - رقم ضبط مكتبة الكونجرس
رقم ضبط مكتبة الكونجرس 2001037590
020 ## - الرقم الدولى المعيارى للكتب
الرقم الدولى المعيارى للكتاب 0631195432 (hardback : acidfree paper)
020 ## - الرقم الدولى المعيارى للكتب
الرقم الدولى المعيارى للكتاب 0631195440 (pbk. : acidfree paper)
040 ## - مصدر الفهرسة
وكالة الفهرسة الأصلية DLC
وكالة النسخ DLC
وكالة التعديل DLC
042 ## - رمز التحقق
رمز التحقق pcc
050 00 - رقم طلب مكتبة الكونجرس
رقم التصنيف QA8.4
رقم المادة .G46 2002
082 00 - رقم تصنيف ديوى العشرى
رقم التصنيف 510.1
رقم الطبعة 21
100 1# - المدخل الرئيسى - إسم شخصى
الإسم الشخصى George, Alexander.
9 (RLIN) 8981
245 10 - بيان العنوان
العنوان Philosophies of mathematics /
بيان المسئوليه,etc Alexander George and Daniel J. Velleman.
260 ## - PUBLICATION, DISTRIBUTION, ETC. (IMPRINT)
مكان الناشر او الموزع Malden, Mass. :
اسم الناشر او الموزع Blackwell Publishers,
تاريخ النشر أو التوزيع 2002.
300 ## - الوصف المادى
التعداد viii, 230 p. ;
أبعاد الوعاء 24 cm.
504 ## - تبصرة ببليوجرافية
تبصرة ببليوجرافية,الخ Includes bibliographical references and index.
650 #0 - المدخل الاضافى بالموضوع-مصطلح موضوعى
مصطلح موضوعي أو اسم جغرافي كعنصر مدخل Mathematics
التقسيم الفرعي العام Philosophy.
9 (RLIN) 8982
700 1# - المدخل الاضافى - اسم شخصى
الإسم الشخصى Velleman, Daniel J.
9 (RLIN) 8983
856 41 - الوصول و الموقع الالكترونى
مواد محددة Table of contents
معرف المصدر الموحد <a href="http://www.loc.gov/catdir/toc/fy037/2001037590.html">http://www.loc.gov/catdir/toc/fy037/2001037590.html</a>
942 ## - عناصر المدخل الإضافي( كوها)
مصدر التصنيف او مخطط الترفيف Dewey Decimal Classification
Koha [default] item type كتاب
المقتنيات
حالة الفقد نموذج السعر الفعال حالة تلف ليس للاعارة رقم الطلب تاريخ الاكتساب الموقع الحالي الباركود الفرع الرئيسي Date last seen نوع المادة فى نظام كوها مصدر التصنيف او خطة الترفيف Total Checkouts
  2013-03-10     510.1 G A P 2011-12-22 مكتبة مجمع الكليات بالزلفى - طلاب (SZM) 00012812 مكتبة مجمع الكليات بالزلفى - طلاب (SZM) 2013-03-10 كتاب Dewey Decimal Classification  
  2013-03-10     510.1 G A P 2011-12-22 مكتبة مجمع الكليات بالزلفى - طلاب (SZM) 00012811 مكتبة مجمع الكليات بالزلفى - طلاب (SZM) 2013-03-10 كتاب Dewey Decimal Classification  
  2013-03-10     510.1 G A P 2011-12-22 مكتبة مجمع الكليات بالزلفى - طلاب (SZM) 00012813 مكتبة مجمع الكليات بالزلفى - طلاب (SZM) 2013-03-10 كتاب Dewey Decimal Classification